| 000 | 00651cam a22002171 4500 | ||
|---|---|---|---|
| 001 | 46294 | ||
| 090 | _a46294 | ||
| 100 | _a19920703d1973 m y0pory5003 ba | ||
| 101 | 1 | _apor | |
| 102 | _aPT | ||
| 200 | 1 |
_aOs sete minutos _fIrving Wallace _gtrad. Anais Sampaio Marinho, Jorge Sampaio |
|
| 205 | _a2.ª ed. | ||
| 210 | 9 |
_aLisboa _cLivraria Clássica Editora _d1973 |
|
| 215 |
_a562, [1] p. _d22 cm |
||
| 304 | _aTít. orig.: The seven minutes | ||
| 675 |
_a821.111(73)-31"19" _vBN _zpor |
||
| 700 | 1 |
_aWallace, _bIrving, _f1916-1990 |
|
| 702 | 1 |
_aMarinho, _bAnais Sampaio _4730 |
|
| 702 | 1 |
_aMarinho, _bSampaio, _f1929-1987 _4730 |
|
| 801 | 0 |
_aPT _bBN _gRPC |
|
| 990 | _cLIVROS | ||